[Event "DJK Wacker Bergeborbeck 1 - SV Welper 2"]
[Site "Verbandsklasse, Gruppe 1 2017"]
[Date "2017.09.17"]
[Round "1.8"]
[White "Simsheuser, Josef"]
[Black "Berke, Martin"]
[Result "1/2-1/2"]
[WhiteElo "1768"]
[BlackElo "1748"]
[Annotator "Daniel"]
[PlyCount "91"]
[EventDate "2017.??.??"]

1. e4 c5 2. b4 cxb4 3. d4 d5 4. e5 Bf5 5. a3 e6 6. axb4 Bxb4+ 7. c3 Be7 8. Na3
Nc6 9. Bd3 Bxd3 10. Qxd3 f6 11. f4 Nh6 12. Nf3 a6 13. O-O Rc8 14. Nc2 O-O 15.
Ne3 f5 16. c4 Nb4 17. Qb3 dxc4 18. Nxc4 Qd5 19. Ncd2 Qxb3 20. Nxb3 Nf7 21. Ba3
Rc7 22. Nc5 Bxc5 23. dxc5 Nc2 24. Ra2 Nxa3 25. Rxa3 Rxc5 26. Rb1 Rb8 27. Rxa6
Nd8 28. Ng5 b5 29. Nxe6 Nxe6 30. Rxe6 b4 31. Rd6 Rc4 32. g3 Kf7 33. Rd3 Ke6 34.
Rd6+ Ke7 35. Rd3 Rb6 36. Rb2 Ke6 37. Kf2 Rbc6 38. Ke3 R6c5 39. Rd6+ Ke7 40. Rd4
Ke6 41. Rxb4 Rc2 42. Rd6+ Ke7 43. Rb7+ Rc7 44. Rxc7+ Rxc7 45. Kd3 Rc1 46. Kd2 {
Rest nicht nachvollziehbar!} 1/2-1/2

[Event "SV Wattenscheid 3 - FS Dortmund 1"]
[Site "Verbandsklasse, Gruppe 1 2017"]
[Date "2017.09.17"]
[Round "1.1"]
[White "Reichmann, Oleg"]
[Black "Leveikina, Jevgenija"]
[Result "1-0"]
[WhiteElo "1988"]
[BlackElo "2035"]
[PlyCount "83"]
[EventDate "2017.??.??"]

1. d4 d5 2. Nf3 Nf6 3. c4 c6 4. Nc3 dxc4 5. a4 Bf5 6. e3 e6 7. Bxc4 Bb4 8. O-O
Nbd7 9. h3 Qe7 10. a5 O-O 11. Nh4 Ne4 12. Nxf5 exf5 13. Qf3 g6 14. Nxe4 fxe4
15. Qe2 b5 16. axb6 axb6 17. Bd2 Bd6 18. Bb3 c5 19. Ra6 Bc7 20. Rxa8 Rxa8 21.
Qc4 Rf8 22. Ra1 Qd6 23. g3 Nf6 24. Ra7 Nh5 25. Qd5 Qxd5 26. Bxd5 Nf6 27. Bc4
Ne8 28. Bb3 Bd8 29. Bc3 Nd6 30. Rd7 Nb5 31. Bxf7+ Rxf7 32. Rxd8+ Kg7 33. dxc5+
Nxc3 34. bxc3 bxc5 35. Rc8 Rf5 36. Re8 Kf6 37. Rxe4 Rd5 38. Kg2 Kf5 39. Rc4 Ke6
40. e4 Re5 41. f4 Rh5 42. g4 1-0

[Event "SV Wattenscheid 3 - FS Dortmund 1"]
[Site "Verbandsklasse, Gruppe 1 2017"]
[Date "2017.09.17"]
[Round "1.2"]
[White "Wolf, Ulrich"]
[Black "Khess, Igor"]
[Result "1-0"]
[WhiteElo "2050"]
[BlackElo "1954"]
[PlyCount "41"]
[EventDate "2017.??.??"]

1. Nf3 d5 2. c4 c6 3. b3 d4 4. Bb2 c5 5. e3 dxe3 6. fxe3 e6 7. d4 Nf6 8. Bd3
Be7 9. O-O b6 10. e4 Nc6 11. e5 Nd7 12. d5 exd5 13. cxd5 Nb4 14. Bc4 O-O 15. a3
Na6 16. Qd3 b5 17. Bxb5 Qb6 18. Bc4 Bb7 19. Nc3 Nb4 20. Qe2 Na6 21. Na4 1-0

[Event "SV Wattenscheid 3 - FS Dortmund 1"]
[Site "Verbandsklasse, Gruppe 1 2017"]
[Date "2017.09.17"]
[Round "1.3"]
[White "Brendemuehl, Bernd"]
[Black "Sicars, Thorsten"]
[Result "1/2-1/2"]
[WhiteElo "1881"]
[BlackElo "1919"]
[PlyCount "71"]
[EventDate "2017.??.??"]

1. e4 c6 2. d4 d5 3. Nc3 dxe4 4. Nxe4 Nf6 5. Ng3 g6 6. Nf3 Bg7 7. Bd3 O-O 8.
O-O Bg4 9. c3 Qc7 10. h3 Bxf3 11. Qxf3 Nbd7 12. Bf4 Qb6 13. Rab1 Rfe8 14. Rfe1
Qa5 15. Bc4 Qd8 16. Ne4 Nb6 17. Bb3 a5 18. Nxf6+ Bxf6 19. a3 a4 20. Ba2 e6 21.
Be5 Nd7 22. Rbd1 Qe7 23. Bf4 Qd8 24. Rd2 Bg7 25. Qg3 Qa5 26. Bd6 Qb5 27. Qd3
Qxd3 28. Rxd3 Bf8 29. Bxf8 Kxf8 30. Rde3 Ra5 31. f4 Nf6 32. Re5 Raa8 33. g4 h5
34. g5 Nd5 35. Bxd5 cxd5 36. Kf2 1/2-1/2

[Event "SV Wattenscheid 3 - FS Dortmund 1"]
[Site "Verbandsklasse, Gruppe 1 2017"]
[Date "2017.09.17"]
[Round "1.4"]
[White "Zwielich, Frank"]
[Black "Grube, Joerg"]
[Result "1/2-1/2"]
[WhiteElo "1949"]
[BlackElo "1814"]
[Annotator "Daniel"]
[PlyCount "93"]
[EventDate "2017.??.??"]

1. d4 Nf6 2. Nf3 e6 3. Bf4 d5 4. e3 c5 5. Nbd2 Nc6 6. c3 Bd6 7. Bg3 O-O 8. Bd3
b6 9. Ne5 Bb7 10. f4 Ne7 11. Qf3 Nf5 12. Bf2 Be7 13. g4 $11 Nd6 14. h4 Nfe4 15.
g5 f6 16. gxf6 Bxf6 17. Ng4 Rc8 18. Rh2 Rf7 19. Ke2 Rfc7 20. Rg1 b5 21. h5 b4
22. cxb4 cxd4 23. exd4 Nf5 24. Ne5 Qd6 25. a3 Ba6 26. b5 Rc2 27. Rd1 Bb7 28.
Bxc2 Rxc2 29. Qb3 Qc7 30. Kd3 Rc1 31. Bg1 Rxd1 32. Qxd1 Nxd2 33. Kxd2 Bxe5 34.
fxe5 Ng3 35. Qf3 Ne4+ $11 36. Kd1 Qc4 37. Qe2 Qa4+ 38. Kc1 a6 39. bxa6 Bxa6 40.
Qd1 Qa5 41. Rc2 h6 42. Rc6 Bb5 43. Rc8+ Kh7 44. Be3 Qa6 45. Qc2 Ba4 46. b3 Bxb3
47. Qxb3 1/2-1/2

[Event "SV Wattenscheid 3 - FS Dortmund 1"]
[Site "Verbandsklasse, Gruppe 1 2017"]
[Date "2017.09.17"]
[Round "1.5"]
[White "Lauche, Christoph"]
[Black "Thon, Manfred"]
[Result "1-0"]
[WhiteElo "1827"]
[BlackElo "1864"]
[PlyCount "49"]
[EventDate "2017.??.??"]

1. e4 c5 2. b4 cxb4 3. a3 bxa3 4. Nxa3 d6 5. d4 Nf6 6. Bd3 e6 7. c3 Be7 8. f4
Nc6 9. Nc2 Qc7 10. Ne2 O-O 11. O-O b6 12. Ne3 d5 13. e5 Ne4 14. c4 f5 15. cxd5
exd5 16. Nxd5 Qd8 17. Nxe7+ Nxe7 18. Ba3 Re8 19. Bxe7 Rxe7 20. Bc4+ Be6 21.
Bxe6+ Rxe6 22. d5 Rh6 23. d6 Nc5 24. Qd5+ Kf8 25. Nd4 1-0

[Event "SV Wattenscheid 3 - FS Dortmund 1"]
[Site "Verbandsklasse, Gruppe 1 2017"]
[Date "2017.09.17"]
[Round "1.6"]
[White "Doehmann, Joerg"]
[Black "Jost, Udo"]
[Result "0-1"]
[WhiteElo "1744"]
[BlackElo "1816"]
[PlyCount "36"]
[EventDate "2017.??.??"]

1. Nf3 c5 2. b3 Nf6 3. Bb2 Nc6 4. e3 a6 5. c4 e6 6. Be2 Qc7 7. O-O d6 8. d4 Be7
9. Nbd2 h5 10. Rc1 e5 11. Qc2 Ng4 12. h3 f5 13. d5 Nd8 14. hxg4 hxg4 15. Ne1
Bf6 16. f3 g3 17. f4 g6 18. Rf3 Rh1+ 0-1

[Event "SV Wattenscheid 3 - FS Dortmund 1"]
[Site "Verbandsklasse, Gruppe 1 2017"]
[Date "2017.09.17"]
[Round "1.7"]
[White "Schulz-Runge, Michael"]
[Black "Schlee, Ulrich"]
[Result "1-0"]
[WhiteElo "1721"]
[BlackElo "1694"]
[PlyCount "69"]
[EventDate "2017.??.??"]

1. c4 e5 2. Nc3 Nc6 3. g3 g6 4. Bg2 Bg7 5. d3 d6 6. Nd5 Nce7 7. Bg5 c6 8. Nxe7
Nxe7 9. e4 Be6 10. Ne2 Qd7 11. O-O O-O 12. Qd2 f6 13. Be3 f5 14. Rac1 b6 15. f4
Rad8 16. Rc2 d5 17. cxd5 cxd5 18. fxe5 dxe4 19. d4 Nd5 20. Bg5 Rc8 21. Rxc8
Rxc8 22. Nc3 Nxc3 23. bxc3 Bxe5 24. dxe5 Qxd2 25. Bxd2 Rc5 26. g4 Rxe5 27. gxf5
gxf5 28. Be3 Ra5 29. Bh3 Kf7 30. Rf2 Kf6 31. Bf1 Bxa2 32. h4 Be6 33. Bd4+ Ke7
34. Kh2 Kd6 35. Kg3 1-0

[Event "SV Wattenscheid 3 - FS Dortmund 1"]
[Site "Verbandsklasse, Gruppe 1 2017"]
[Date "2017.09.17"]
[Round "1.8"]
[White "Buechle, Regina"]
[Black "Alghawi, Abdullah"]
[Result "0-1"]
[WhiteElo "1695"]
[BlackElo "1582"]
[PlyCount "66"]
[EventDate "2017.??.??"]

1. d4 Nf6 2. Nf3 g6 3. c4 Bg7 4. Nc3 O-O 5. e4 d6 6. Be2 e5 7. d5 a5 8. O-O Na6
9. Re1 Nc5 10. Bf1 Nfd7 11. Be3 f5 12. exf5 gxf5 13. Qd2 f4 14. Bxc5 Nxc5 15.
Bd3 Kh8 16. Ne4 b6 17. Rac1 Rg8 18. Neg5 Qe8 19. Bxh7 Bh6 20. Bxg8 Qxg8 21. h4
Qg6 22. g3 Bg4 23. Rc3 Rf8 24. Kg2 e4 25. Nd4 Bxg5 26. hxg5 Qxg5 27. Rh1+ Kg8
28. Kg1 e3 29. Qc2 exf2+ 30. Kf1 Rf7 31. Nf3 Qe7 32. Kxf2 Ne4+ 33. Kf1 fxg3 0-1

[Event "SV Rochade Eving 1 - SV Hamm 2"]
[Site "Verbandsklasse, Gruppe 1 2017"]
[Date "2017.09.17"]
[Round "1.1"]
[White "Woertler, Lars-Erik"]
[Black "Michalek, Christoph"]
[Result "1/2-1/2"]
[WhiteElo "1843"]
[BlackElo "2056"]
[PlyCount "47"]
[EventDate "2017.??.??"]

1. d4 c5 2. Nf3 cxd4 3. Nxd4 d5 4. Nc3 e5 5. Nf3 d4 6. Nb1 Nc6 7. c3 Nf6 8. e3
d3 9. e4 Nxe4 10. Qxd3 Nd6 11. Qe2 f6 12. Nbd2 Be7 13. Ne4 Be6 14. Nfd2 O-O 15.
Nxd6 Qxd6 16. Ne4 Qc7 17. Be3 Na5 18. Qb5 b6 19. Nd2 Rad8 20. Qa4 f5 21. f3 Kh8
22. Be2 h6 23. O-O-O Bd7 24. Bb5 1/2-1/2

[Event "SV Rochade Eving 1 - SV Hamm 2"]
[Site "Verbandsklasse, Gruppe 1 2017"]
[Date "2017.09.17"]
[Round "1.2"]
[White "Kleibaumhueter, Klaus"]
[Black "Mustafic, Mustafa"]
[Result "1/2-1/2"]
[WhiteElo "2087"]
[BlackElo "1738"]
[PlyCount "90"]
[EventDate "2017.??.??"]

1. Nf3 d5 2. d4 Bf5 3. c4 c6 4. Nc3 e6 5. Qb3 Qb6 6. c5 Qxb3 7. axb3 Na6 8. Bf4
Nf6 9. Ne5 Nb4 10. Ra4 a5 11. Nd3 Nxd3+ 12. exd3 Kd7 13. b4 b6 14. cxb6 Bxb4
15. b7 Rae8 16. b8=Q Rxb8 17. Bxb8 Rxb8 18. Kd1 Ng4 19. Kc2 Nxf2 20. Rg1 Ng4
21. h3 Ne3+ 22. Kd2 Nxf1+ 23. Rxf1 c5 24. Ke3 cxd4+ 25. Kxd4 Kd6 26. Ke3 Bc5+
27. d4 Bb4 28. Rc1 e5 29. dxe5+ Kxe5 30. Ne2 Be4 31. Nd4 Rb6 32. Rc7 f5 33. g3
g5 34. Rc6 f4+ 35. gxf4+ gxf4+ 36. Kf2 Rb7 37. Nc2 Bd2 38. Ke2 Be3 39. Nxe3
fxe3 40. Rxa5 Rxb2+ 41. Kxe3 Rb3+ 42. Kd2 Rxh3 43. Rc8 Rh2+ 44. Ke3 Rh3+ 45.
Kd2 Rh2+ 1/2-1/2

[Event "SV Rochade Eving 1 - SV Hamm 2"]
[Site "Verbandsklasse, Gruppe 1 2017"]
[Date "2017.09.17"]
[Round "1.3"]
[White "Fluegel, Thomas"]
[Black "Michalek, Franz"]
[Result "0-1"]
[WhiteElo "1785"]
[BlackElo "1883"]
[PlyCount "50"]
[EventDate "2017.??.??"]

1. d4 Nf6 2. c4 c5 3. d5 b5 4. cxb5 a6 5. bxa6 Bxa6 6. Nc3 g6 7. Nf3 Bg7 8. g3
O-O 9. Rb1 d6 10. Bg2 Nbd7 11. b3 Ng4 12. Qc2 Qb6 13. O-O Rfb8 14. Bd2 Nge5 15.
Nh4 Qa7 16. Kh1 Rb7 17. h3 Nb6 18. f4 Ned7 19. f5 Ne5 20. fxg6 fxg6 21. Nf3
Nxf3 22. Bxf3 Rbb8 23. Qe4 Rf8 24. Qe6+ Kh8 25. Ne4 Bc8 0-1

[Event "SV Rochade Eving 1 - SV Hamm 2"]
[Site "Verbandsklasse, Gruppe 1 2017"]
[Date "2017.09.17"]
[Round "1.4"]
[White "Hornung, Ruediger"]
[Black "Sewarte, Jochen"]
[Result "1-0"]
[WhiteElo "1930"]
[BlackElo "1744"]
[PlyCount "45"]
[EventDate "2017.??.??"]

1. e4 e5 2. Nf3 Nc6 3. Bc4 Bc5 4. c3 Nf6 5. d4 exd4 6. cxd4 Bb4+ 7. Bd2 d5 8.
exd5 Bxd2+ 9. Nbxd2 Nxd5 10. Qb3 Na5 11. Qa4+ c6 12. Bxd5 Qxd5 13. O-O O-O 14.
Rfc1 Qb5 15. Qxb5 cxb5 16. Rc7 b6 17. Ne5 f6 18. Nef3 Be6 19. Re1 Rfe8 20. b3
Kf8 21. Nf1 Re7 22. Rxe7 Kxe7 23. d5 1-0

[Event "SV Rochade Eving 1 - SV Hamm 2"]
[Site "Verbandsklasse, Gruppe 1 2017"]
[Date "2017.09.17"]
[Round "1.5"]
[White "Boelling, Andreas"]
[Black "Pahne, Dirk"]
[Result "1/2-1/2"]
[WhiteElo "1729"]
[BlackElo "1909"]
[Annotator "Daniel"]
[PlyCount "70"]
[EventDate "2017.??.??"]

1. e4 d5 2. exd5 Qxd5 3. d4 Nf6 4. Nf3 a6 5. c4 Qd6 6. Nc3 e6 7. Bg5 Nbd7 8.
Qa4 Qb4 9. O-O-O Qxa4 10. Nxa4 Bd6 11. Nc3 O-O 12. Bd3 c6 13. Ne4 Nxe4 14. Bxe4
h6 15. Be3 Nf6 16. Bc2 b5 17. c5 Bc7 $11 18. h3 Nd5 19. Rhe1 a5 20. Ne5 Bxe5
21. dxe5 Rd8 22. Be4 Ba6 23. f4 b4 24. g4 Bc4 25. b3 Bb5 26. Bd2 Rdb8 27. Kb2
Ba6 28. f5 exf5 29. gxf5 Re8 30. Bxd5 cxd5 31. Bf4 Bc8 32. Rxd5 Bxf5 33. h4
Rac8 34. Rc1 Be4 35. Rd6 Bc6 1/2-1/2

[Event "SV Rochade Eving 1 - SV Hamm 2"]
[Site "Verbandsklasse, Gruppe 1 2017"]
[Date "2017.09.17"]
[Round "1.6"]
[White "Jaehnicke, Karl-Heinz"]
[Black "Rosentreter, Burkhard"]
[Result "1-0"]
[WhiteElo "1764"]
[BlackElo "1723"]
[PlyCount "77"]
[EventDate "2017.??.??"]

1. d4 d5 2. c4 e6 3. Nc3 Nf6 4. Nf3 Be7 5. Bf4 c6 6. e3 O-O 7. Bd3 dxc4 8. Bxc4
Nd5 9. O-O Nxf4 10. exf4 Nd7 11. Bd3 Nf6 12. Qe2 Qc7 13. g3 Nd5 14. Ne4 h6 15.
a3 a5 16. Rac1 Bd7 17. Bb1 f5 18. Ned2 Rf6 19. Ne5 Raf8 20. Ndc4 Be8 21. Qd2
Bd8 22. Ba2 Bh5 23. Ne3 Nxe3 24. Qxe3 Re8 25. Qd2 Kh7 26. Rc4 Rff8 27. Qc2 Bf6
28. Re1 g5 29. fxg5 hxg5 30. Bb1 Bxe5 31. Rxe5 Bf3 32. Qd2 Bd5 33. Rc1 Qg7 34.
g4 Qh6 35. Qe3 Qh4 36. h3 Kg7 37. gxf5 exf5 38. Rxe8 Qxh3 39. Qxh3 1-0

[Event "SV Rochade Eving 1 - SV Hamm 2"]
[Site "Verbandsklasse, Gruppe 1 2017"]
[Date "2017.09.17"]
[Round "1.7"]
[White "Brieger, Sebastian"]
[Black "Regber, Karl-Heinz"]
[Result "1-0"]
[WhiteElo "1670"]
[BlackElo "1615"]
[PlyCount "81"]
[EventDate "2017.??.??"]

1. e4 c5 2. c3 e6 3. d4 cxd4 4. cxd4 d5 5. e5 Nc6 6. Nf3 Nge7 7. Bd3 Nf5 8.
Bxf5 exf5 9. O-O Be6 10. Nc3 Be7 11. Be3 O-O 12. a3 Rc8 13. Qd3 Na5 14. Nd2 Nc4
15. Nxc4 Rxc4 16. b3 Rc8 17. Rfc1 a6 18. Rcb1 b5 19. b4 Rc4 20. Ne2 g5 21. f4
gxf4 22. Bxf4 Kh8 23. Ng3 Bg5 24. Rf1 Rg8 25. Rad1 Bxf4 26. Rxf4 Qg5 27. Rdf1
Rgc8 28. Ne2 Rc2 29. R1f3 R8c3 30. Qxc3 Rxc3 31. Nxc3 Qd8 32. Ne2 Qg5 33. Ng3
Qd8 34. Nxf5 Qc7 35. h3 Qc1+ 36. Kh2 Qd2 37. Nd6 Kg8 38. Nxf7 Bxf7 39. Rxf7
Qxd4 40. e6 Qe5+ 41. Rg3+ 1-0

[Event "SV Rochade Eving 1 - SV Hamm 2"]
[Site "Verbandsklasse, Gruppe 1 2017"]
[Date "2017.09.17"]
[Round "1.8"]
[White "Woller, Rainer"]
[Black "Ales Garcia, Jose Luis Gabriel"]
[Result "1/2-1/2"]
[WhiteElo "1984"]
[BlackElo "1556"]
[PlyCount "174"]
[EventDate "2017.??.??"]

1. d4 d5 2. c4 c6 3. Nf3 Nf6 4. Qc2 Qc7 5. cxd5 Nxd5 6. g3 Bg4 7. Bg2 Nd7 8.
O-O e6 9. e4 Bxf3 10. Bxf3 N5b6 11. Nc3 Rc8 12. a4 Nf6 13. Bf4 Qd8 14. Rfd1 Be7
15. Qb3 a5 16. Be3 Bb4 17. Na2 Qe7 18. Rac1 O-O 19. d5 Nfd7 20. Nxb4 Qxb4 21.
Qxb4 axb4 22. dxc6 bxc6 23. Be2 Rfd8 24. b3 Na8 25. Ba6 Rc7 26. Rd6 Kf8 27.
Rcd1 Ke8 28. e5 Rb8 29. f4 Nab6 30. Rc1 Nd5 31. Bd2 Rb6 32. Bc4 Ne7 33. a5 Rb8
34. Bd3 c5 35. Be4 Ra7 36. Ra1 Rb5 37. a6 Rb6 38. Rxb6 Nxb6 39. Bb7 Ned5 40.
Rc1 Nc7 41. Rxc5 Nxa6 42. Bc6+ Ke7 43. Rb5 Nd7 44. Ra5 Ndb8 45. Bb5 Kd8 46. Be3
Ra8 47. Ra1 Nc7 48. Rd1+ Kc8 49. Bc4 Nc6 50. Rc1 Kd7 51. Bc5 Rb8 52. Rd1+ Ke8
53. Bd6 Rb7 54. Ra1 Kd7 55. Kf2 Ne7 56. Bxe7 Kxe7 57. Ke3 f6 58. Kd4 fxe5+ 59.
fxe5 Nb5+ 60. Bxb5 Rxb5 61. Ra7+ Kf8 62. Rc7 Rd5+ 63. Ke4 Rb5 64. h4 Rb6 65.
Kd4 Rb5 66. Rc5 Rb8 67. Kc4 Kf7 68. Rb5 Rd8 69. Rxb4 Kg6 70. Rb7 Rd5 71. h5+
Kxh5 72. Rxg7 h6 73. b4 Rxe5 74. b5 Re1 75. b6 e5 76. b7 Rb1 77. Kd5 Rb5+ 78.
Ke4 Rb4+ 79. Kf5 e4 80. g4+ Kh4 81. Kf4 Kh3 82. Rh7 Kg2 83. Rc7 Kh3 84. Rh7 Kg2
85. Rxh6 Rxb7 86. Kxe4 Kg3 87. g5 Kg4 1/2-1/2

[Event "SG Höntrop 1 - Bochumer SV 2"]
[Site "Verbandsklasse, Gruppe 2 2017"]
[Date "2017.09.17"]
[Round "1.1"]
[White "Kraemer, Matthias"]
[Black "Oberbarnscheidt, Ludger"]
[Result "1/2-1/2"]
[WhiteElo "2195"]
[BlackElo "2034"]
[PlyCount "34"]
[EventDate "2017.??.??"]

1. e4 g6 2. d4 Bg7 3. Be3 d6 4. Ne2 Nd7 5. Nbc3 a6 6. a4 b6 7. g4 Bb7 8. Ng3 e6
9. Qd2 c5 10. Be2 Ne7 11. dxc5 dxc5 12. f4 Qc7 13. Bf3 O-O-O 14. Qf2 Bd4 15.
Nd1 h6 16. Ne2 Bxe3 17. Nxe3 g5 1/2-1/2

[Event "SG Höntrop 1 - Bochumer SV 2"]
[Site "Verbandsklasse, Gruppe 2 2017"]
[Date "2017.09.17"]
[Round "1.2"]
[White "Rostek, Joerg"]
[Black "Spiess, Timo-Christian"]
[Result "1/2-1/2"]
[WhiteElo "1954"]
[BlackElo "2069"]
[PlyCount "32"]
[EventDate "2017.??.??"]

1. e4 c5 2. Nc3 a6 3. g3 b5 4. Bg2 Bb7 5. d3 e6 6. f4 Nf6 7. Nf3 d5 8. e5 Nfd7
9. O-O g6 10. Ne2 h5 11. h3 Nc6 12. Kh2 Qc7 13. c3 Be7 14. Be3 Kf8 15. Rc1 Kg7
16. Kg1 Rag8 1/2-1/2

[Event "SG Höntrop 1 - Bochumer SV 2"]
[Site "Verbandsklasse, Gruppe 2 2017"]
[Date "2017.09.17"]
[Round "1.3"]
[White "Niekrens, Stefan"]
[Black "Drzasga, Michael"]
[Result "1-0"]
[WhiteElo "2020"]
[BlackElo "1945"]
[Annotator "Daniel"]
[PlyCount "101"]
[EventDate "2017.??.??"]

1. e4 e6 2. Nf3 d5 3. Nc3 Nf6 4. e5 Nfd7 5. d4 c5 6. dxc5 Bxc5 7. Bd3 Nc6 8.
Bf4 f6 9. exf6 Qxf6 10. Bg5 Qf7 11. Bh4 Nde5 $11 12. Nxe5 Nxe5 13. Bb5+ Bd7 14.
Qe2 Ng6 15. Bg3 O-O 16. Bxd7 Qxd7 17. O-O-O a6 18. h4 Nf4 19. Bxf4 Rxf4 20. Ne4
Be7 21. g3 Rf5 22. f4 Qb5 23. Nc3 Qxe2 24. Nxe2 Bc5 25. Nd4 Bxd4 26. Rxd4 h5
27. Re1 Kf7 28. Rb4 b5 29. a4 Rb8 30. Re3 e5 31. fxe5 Ke6 32. g4 hxg4 33. Rxg4
bxa4 34. Rg6+ Kf7 35. Rxa6 Rf1+ 36. Kd2 Rxb2 37. e6+ Ke8 38. Ra8+ Ke7 39. Ra7+
Ke8 40. Rc3 Rb8 41. Rxg7 Kf8 42. Rh7 Kg8 43. Rcc7 Rg1 44. Rhd7 Rg6 45. e7 Re8
46. Rxd5 Rh6 47. Rd4 a3 48. Kc1 Ra6 49. Kb1 Rb8+ 50. Ka1 Raa8 51. Ra7 1-0

[Event "SG Höntrop 1 - Bochumer SV 2"]
[Site "Verbandsklasse, Gruppe 2 2017"]
[Date "2017.09.17"]
[Round "1.4"]
[White "Jedner, Volker"]
[Black "Hinkmann, Jens"]
[Result "0-1"]
[WhiteElo "1832"]
[BlackElo "1980"]
[PlyCount "90"]
[EventDate "2017.??.??"]

1. d4 d5 2. Nf3 Nc6 3. e3 Bg4 4. Be2 Nf6 5. b3 e6 6. Bb2 Ne4 7. O-O Be7 8. Nbd2
Nxd2 9. Qxd2 O-O 10. a3 f5 11. b4 a6 12. c4 dxc4 13. Bxc4 Qd6 14. Ne1 f4 15. h3
fxe3 16. Qxe3 Bf5 17. g4 Bg6 18. Qxe6+ Kh8 19. Qxd6 Bxd6 20. Ng2 Rf3 21. Nh4
Rxh3 22. Nxg6+ hxg6 23. Rae1 Rf8 24. Re3 Rh4 25. Be2 g5 26. f3 Bh2+ 27. Kg2 Bf4
28. Re6 Rd8 29. Rd1 Rh2+ 30. Kg1 Kg8 31. d5 Ne5 32. Kf1 Rh1+ 33. Kf2 Rxd1 34.
Bxd1 Nd3+ 35. Ke2 Nxb2 36. Bb3 Rd6 37. Re7 b5 38. Rxc7 Nc4 39. Rc8+ Kf7 40.
Bxc4 bxc4 41. Rxc4 Rxd5 42. Rc2 Ke6 43. Rb2 Re5+ 44. Kf2 Be3+ 45. Kg2 Rd5 0-1

[Event "SG Höntrop 1 - Bochumer SV 2"]
[Site "Verbandsklasse, Gruppe 2 2017"]
[Date "2017.09.17"]
[Round "1.5"]
[White "Goralski, Christian"]
[Black "Koch, Burkhard"]
[Result "1-0"]
[WhiteElo "1974"]
[BlackElo "1769"]
[PlyCount "59"]
[EventDate "2017.??.??"]

1. e4 e6 2. d4 d5 3. Nd2 c5 4. exd5 exd5 5. Ngf3 Nf6 6. Bb5+ Bd7 7. Qe2+ Be7 8.
Ne5 O-O 9. O-O Bxb5 10. Qxb5 Qc7 11. Ndf3 Nc6 12. Nxc6 bxc6 13. Qd3 Ne4 14. Be3
c4 15. Qd1 Bd6 16. c3 f5 17. Qc2 f4 18. Bc1 Rae8 19. b3 g5 20. bxc4 g4 21. c5
gxf3 22. gxf3 Qf7 23. Kh1 Bc7 24. fxe4 dxe4 25. Qb3 f3 26. Qxf7+ Rxf7 27. Be3
Re6 28. Rg1+ Kf8 29. Rg4 Rf5 30. Rag1 1-0

[Event "SG Höntrop 1 - Bochumer SV 2"]
[Site "Verbandsklasse, Gruppe 2 2017"]
[Date "2017.09.17"]
[Round "1.6"]
[White "Artz, Klaus"]
[Black "Peters, Olaf"]
[Result "1/2-1/2"]
[WhiteElo "1844"]
[BlackElo "1878"]
[PlyCount "131"]
[EventDate "2017.??.??"]

1. Nf3 c5 2. e4 Nc6 3. d4 cxd4 4. Nxd4 e5 5. Nb3 Nf6 6. Nc3 Bb4 7. Bg5 h6 8.
Bxf6 Bxc3+ 9. bxc3 Qxf6 10. Be2 O-O 11. O-O d6 12. Qd3 Rd8 13. Rfd1 Be6 14. c4
Rac8 15. c3 b6 16. Rab1 Qe7 17. Qg3 Qg5 18. Rb2 Qxg3 19. hxg3 Kf8 20. f4 f6 21.
a4 Ke7 22. f5 Bf7 23. Ra1 Rd7 24. Kf2 Na5 25. Nxa5 bxa5 26. Rb5 Bxc4 27. Rxa5
Bxe2 28. Kxe2 Rxc3 29. Kf2 Rc5 30. Ra6 d5 31. exd5 Rcxd5 32. Ra3 Rd2+ 33. Kg1
Rb2 34. Rc3 Rb6 35. Ra5 Rb4 36. Rc8 Kd6 37. Rc3 Rdb7 38. Ra6+ Kd5 39. Kh2 Ke4
40. Rf3 Kd4 41. Rf1 Kc4 42. Rc1+ Kd4 43. g4 e4 44. Rd6+ Ke5 45. Re6+ Kf4 46.
Kh3 Kg5 47. a5 h5 48. gxh5 Kxf5 49. Rec6 R4b5 50. a6 R7b6 51. Rc7 Rxa6 52. Rxg7
Kf4 53. Rf1+ Ke3 54. Kh4 f5 55. Rf7 Raa5 56. g3 f4 57. g4 f3 58. h6 Ra2 59. Rh1
Rb8 60. g5 Rg2 61. h7 Rh8 62. Kh5 Rxh7+ 63. Rxh7 f2 64. Rf1 Ke2 65. Rxf2+ Kxf2
66. Rxa7 1/2-1/2

[Event "SG Höntrop 1 - Bochumer SV 2"]
[Site "Verbandsklasse, Gruppe 2 2017"]
[Date "2017.09.17"]
[Round "1.7"]
[White "Floeren, Philipp"]
[Black "Barth, Hans-Joachim"]
[Result "1-0"]
[WhiteElo "1874"]
[BlackElo "1693"]
[PlyCount "39"]
[EventDate "2017.??.??"]

1. e4 c5 2. Nf3 d6 3. d4 cxd4 4. Nxd4 Nf6 5. Nc3 g6 6. f3 Bg7 7. Be3 O-O 8. Bc4
Nc6 9. Qd2 Bd7 10. Nxc6 bxc6 11. Bh6 Qb6 12. h4 Bxh6 13. Qxh6 Qxb2 14. Kd2 Qb4
15. Bd3 Qc5 16. h5 e5 17. Raf1 Be6 18. Qg5 Nd7 19. hxg6 fxg6 20. Qe7 1-0

[Event "SG Höntrop 1 - Bochumer SV 2"]
[Site "Verbandsklasse, Gruppe 2 2017"]
[Date "2017.09.17"]
[Round "1.8"]
[White "Geistmeier, Frank"]
[Black "Bautz, Volker"]
[Result "1/2-1/2"]
[WhiteElo "1738"]
[BlackElo "1823"]
[PlyCount "104"]
[EventDate "2017.??.??"]

1. d4 c5 2. d5 e5 3. dxe6 fxe6 4. e4 d5 5. exd5 exd5 6. Qh5+ g6 7. Qe5+ Qe7 8.
Nf3 Bg7 9. Qxe7+ Nxe7 10. c3 O-O 11. Be2 Nbc6 12. O-O b6 13. Bg5 Nf5 14. Na3 h6
15. Bb5 Bb7 16. Bf4 d4 17. Bxc6 Bxc6 18. Ne5 Be8 19. h3 Kh7 20. Rad1 dxc3 21.
bxc3 Ba4 22. Rc1 Rad8 23. Nb1 Nh4 24. Bg3 Nf5 25. Bh2 Rd5 26. Nf3 Rfd8 27. Rfe1
g5 28. Be5 Bxe5 29. Nxe5 Kg7 30. Nf3 Kf6 31. Kh2 Nd6 32. Nbd2 Re8 33. Rxe8 Bxe8
34. Rd1 Rd3 35. Ne4+ Nxe4 36. Rxd3 Bg6 37. Rd7 Nxc3 38. Rxa7 Nd5 39. Rd7 Ke6
40. Rd8 b5 41. Rh8 Kf6 42. Rc8 c4 43. Rc5 Nc3 44. a3 Be8 45. Nd4 Bd7 46. Kg1
Ke7 47. Nf5+ Ke6 48. Nxh6 Nd5 49. Kf1 Kd6 50. Rxd5+ Kxd5 51. Ke2 Kd4 52. Kd2
Be6 1/2-1/2

[Event "SV Günnigfeld 1 - SK Sodingen/Castrop 3"]
[Site "Verbandsklasse, Gruppe 2 2017"]
[Date "2017.09.17"]
[Round "1.1"]
[White "Zobiegala, Christoph"]
[Black "Freisen, Thomas"]
[Result "1/2-1/2"]
[WhiteElo "1880"]
[BlackElo "1996"]
[PlyCount "44"]
[EventDate "2017.??.??"]

1. e4 e6 2. d4 d5 3. Nd2 Nf6 4. e5 Nfd7 5. f4 c5 6. c3 Nc6 7. Ndf3 Qb6 8. Ne2
cxd4 9. cxd4 f6 10. exf6 Nxf6 11. Nc3 Bd7 12. Bd3 Bd6 13. Nb5 Bb8 14. a4 a6 15.
Nc3 O-O 16. Bc2 Bd6 17. O-O Kh8 18. Kh1 Rae8 19. Re1 Re7 20. g3 Be8 21. h3 Nh5
22. Ne2 g6 1/2-1/2

[Event "SV Günnigfeld 1 - SK Sodingen/Castrop 3"]
[Site "Verbandsklasse, Gruppe 2 2017"]
[Date "2017.09.17"]
[Round "1.2"]
[White "Kuekenbrink, Christopher"]
[Black "Balke, Reiner"]
[Result "0-1"]
[WhiteElo "1910"]
[BlackElo "1837"]
[PlyCount "80"]
[EventDate "2017.??.??"]

1. Nf3 c5 2. e4 d6 3. d4 cxd4 4. Nxd4 Nf6 5. Nc3 a6 6. g3 e6 7. Bg2 Be7 8. O-O
Qc7 9. a4 Nbd7 10. a5 Rb8 11. Re1 b5 12. Nd5 exd5 13. exd5 Ne5 14. f4 Bg4 15.
Qd2 Ng6 16. Nc6 Rb7 17. Ra3 O-O 18. h3 Bc8 19. Rc3 Qd7 20. Qe2 Bd8 21. Re3 h5
22. Qf2 Re8 23. Rxe8+ Nxe8 24. b4 Nf6 25. Bb2 Nh7 26. Qe2 Bf6 27. Bd4 Bxd4+ 28.
Nxd4 Qe7 29. Qd1 Qf8 30. Qxh5 Nf6 31. Qf3 Re7 32. Qc3 Bb7 33. Nc6 Rxe1+ 34.
Qxe1 Qe8 35. Qc3 Kf8 36. Qd4 Ne7 37. Qb6 Qc8 38. Na7 Qd7 39. Nc6 Nexd5 40. Bxd5
Nxd5 0-1